Bytový dom

Na minha lista:
Detalhes bibliográficos
Autor principal: Haršany, Filip, 1991- (Author)
Outros Autores: Strigáčová, Lenka, 1986- (Thesis advisor)
Formato: Manuscrito Livro
Idioma:eslovaco
Publicado em: Bratislava : STU v Bratislave SvF, 2013
Acesso em linha:VAIS
https://opac.crzp.sk/?fn=detailBiblioForm&sid=A61021784F381E68C1068F90830C
Tags: Adicionar Tag
Sem tags, seja o primeiro a adicionar uma tag!

MARC

LEADER 00000ntm a22000003a 4500
001 stu272260
005 20231012161151.0
008 130720s2013----xo------------------slo-d
040 |a STU  |b slo 
041 0 |a slo 
044 |a xo 
100 1 |a Haršany, Filip,  |d 1991-  |4 aut  |u V  |T SvF Stavebná fakulta  |X 7342  |U V  |Y 10  |7 A000007342 
245 1 |a Bytový dom 
260 |a Bratislava :  |b STU v Bratislave SvF,  |c 2013 
700 1 |a Strigáčová, Lenka,  |d 1986-  |4 ths  |u V270  |U SvF Stavebná fakulta  |T SvF Katedra technológie stavieb  |X 23914  |U V270  |Y 28  |7 A000023914 
856 4 |a info a plný text  |u http://is.stuba.sk/zp/portal_zp.pl?podrobnosti=80265  |3 VAIS 
856 4 |a CRZP  |u https://opac.crzp.sk/?fn=detailBiblioForm&sid=A61021784F381E68C1068F90830C